[Event "ESP-ch U14"]
[Site "Granada"]
[Date "2016.07.15"]
[Round "7"]
[White "Andrade Sandoval, Bianca"]
[Black "Carbajal Mendez, Abel"]
[Result "1/2-1/2"]
[WhiteElo "1793"]
[BlackElo "1681"]
[PlyCount "63"]
[EventDate "2016.07.11"]
[EventType "swiss"]
[EventRounds "9"]
[EventCountry "ESP"]
[SourceTitle "EXT 2024"]
[Source "ChessBase"]
[SourceDate "2023.10.10"]
[SourceVersion "1"]
[SourceVersionDate "2023.10.10"]
[SourceQuality "1"]

1. d4 d5 2. Bf4 c5 3. e3 Nf6 4. Nf3 Nc6 5. Nbd2 Bf5 6. Be2 e6 7. c3 Be7 8. h3 0-0 9. 0-0 Rc8 10. Nh4 c4 11. Nxf5 exf5 12. Nf3 Ne4 13. Qc2 Bd6 14. Ne5 g6 15. f3 Nf6 16. g4 fxg4 17. hxg4 Qe7 18. Bh6 Rfe8 19. f4 Ne4 20. g5 f6 21. Qxe4 dxe4 22. Bxc4+ Kh8 23. Nf7+ Kg8 24. Nxd6+ Kh8 25. Nf7+ Kg8 26. Nd6+ Kh8 27. Nf7+ Kg8 28. Nd6+ Kh8 29. Nf7+ Kg8 30. Nd8+ Kh8 31. Nf7+ Kg8 32. Nd6+ 1/2-1/2

[Event "ESP-ch U14"]
[Site "Granada"]
[Date "2016.07.13"]
[Round "5"]
[White "Gomez Carreno, Martin"]
[Black "Carbajal Mendez, Abel"]
[Result "1-0"]
[WhiteElo "1883"]
[BlackElo "1681"]
[PlyCount "115"]
[EventDate "2016.07.11"]
[EventType "swiss"]
[EventRounds "9"]
[EventCountry "ESP"]
[SourceTitle "EXT 2024"]
[Source "ChessBase"]
[SourceDate "2023.10.10"]
[SourceVersion "1"]
[SourceVersionDate "2023.10.10"]
[SourceQuality "1"]

1. d4 d5 2. e3 Nf6 3. Bd3 e6 4. f4 c5 5. c3 Nc6 6. Nf3 Bd6 7. 0-0 0-0 8. Ne5 Qc7 9. Nd2 a6 10. g4 b5 11. g5 Ne8 12. Rf3 f5 13. Rh3 g6 14. Rh6 Bxe5 15. dxe5 Bb7 16. h4 Nd8 17. Nf3 Nf7 18. b3 Nxh6 19. gxh6 c4 20. Be2 cxb3 21. Qxb3 Qc8 22. Ng5 Nc7 23. Ba3 Rf7 24. Nxf7 Kxf7 25. Qb4 Qd7 26. h5 a5 27. Qc5 Ba6 28. Kf2 b4 29. hxg6+ Kxg6 30. Rg1+ Kxh6 31. cxb4 Bxe2 32. Kxe2 Na6 33. Qc3 Qb5+ 34. Kf3 Qc4 35. Qxc4 dxc4 36. bxa5 Nc7 37. Bc5 c3 38. a4 c2 39. Rc1 Nd5 40. Rxc2 Rxa5 41. Rc4 Kg6 42. e4 fxe4+ 43. Kxe4 Kf7 44. f5 Ne7 45. Bxe7 exf5+ 46. Kxf5 Kxe7 47. Rh4 h5 48. Rb4 Ra7 49. Rh4 Ra5 50. Rxh5 Rxa4 51. Rh7+ Ke8 52. Kf6 Ra1 53. Rh4 Ra2 54. Rh8+ Kd7 55. e6+ Kd6 56. Rd8+ Kc7 57. e7 Rf2+ 58. Kg5 1-0

[Event "Asturias-ch Juvenil"]
[Site "Oviedo"]
[Date "2012.12.27"]
[Round "2.6"]
[White "Carbajal Mendez, Abel"]
[Black "Rodriguez Suarez, Pablo"]
[Result "1-0"]
[WhiteElo "1470"]
[BlackElo "1612"]
[PlyCount "55"]
[EventDate "2012.12.26"]
[EventType "swiss"]
[EventRounds "5"]
[EventCountry "ESP"]
[SourceTitle "EXT 2024"]
[Source "ChessBase"]
[SourceDate "2023.10.10"]
[SourceVersion "1"]
[SourceVersionDate "2023.10.10"]
[SourceQuality "1"]

1. c4 e5 2. Nc3 Nf6 3. Nf3 Nc6 4. g3 d5 5. cxd5 Nxd5 6. d3 h6 7. Bg2 Nb6 8. 0-0 Be6 9. a3 a5 10. b3 Be7 11. Bb2 0-0 12. Ne4 f5 13. Ned2 e4 14. dxe4 fxe4 15. Ne5 e3 16. Nxc6 exf2+ 17. Rxf2 bxc6 18. Rxf8+ Bxf8 19. Bxc6 Bc5+ 20. Kh1 Bf5 21. Bxa8 Qxa8+ 22. Nf3 g5 23. Qc1 g4 24. Qxc5 gxf3 25. Qxf5 fxe2+ 26. Kg1 Qe8 27. Qg4+ Kf7 28. Qh5+ 1-0